000 01257 a2200253 4500
003 Nust
005 20221228112808.0
010 _a 2007274820
020 _a9788131714508
040 _cNust
082 _a621.395,MAN
100 1 _aMano, M. Morris,
245 1 0 _aDigital design /
_cM. Morris Mano.
250 _a4th ed.
260 _aUpper Saddle River, NJ :
_bPrentice-Hall,
_cc2007
300 _axv, 608 p. :
_bill. ;
_c25 cm.
505 _aDigital Systems and Binary Numbers (Page-1), Boolean Algebra and Logic Gates (Page-34), Gate-Level Minimization (Page-67), Combinational Logic (Page-135), Synchronous Sequential Logic (Page-197), Registers and Counters (Page-253), Memory and Programmable Logic (Page-307), Design at the Register Transfer Level (Page-355), Asynchronous Sequential Logic (Page-434), Digital Integrated Circuits (Page-486), Laboratory Experiments with Standard ICs and FPGAs (Page-524), Standard Graphic Symbols (Page-573).
650 0 _aDigital integrated circuits.
_961563
650 0 _aElectronic digital computers
_xCircuits.
_936507
650 0 _aLogic circuits.
_917982
650 0 _aLogic design.
_917983
856 4 1 _3Table of contents only
_uhttp://www.loc.gov/catdir/toc/fy0710/2007274820.html
942 _2ddc
_cBK
999 _c189049
_d189049